Stades de National (2021-2022) - Statistiques

Statistiques générales
  • Ce quiz a été pris 23 fois
  • Le résultat moyen est 6 sur 18
Statistiques - réponses
Commune Stade Capacité % Correct
Le Mans FC MMArena 25.064
82%
Red Star FC Stade Bauer 3.000
68%
FC Annecy Parc des Sports d'Annecy 15.714
55%
CS Sedan Ardennes Stade Louis-Dugauguez 23 189
50%
US Orléans Stade de la Source 7.533
45%
LB Châteauroux Stade Gaston-Petit 17 072
41%
US Boulogne CO Stade de la Libération 15.204
32%
Stade Lavallois Stade Francis-le-Basser 18.607
32%
Bourg-en-Bresse 01 Stade Marcel-Verchère 11.400
27%
FC Villefranche Beaujolais Stade Armand Chouffet 3.500
18%
US Créteil-Lusitanos Stade Dominique-Duvauchelle 12.150
18%
Stade Briochin Stade Fred-Aubert 10.600
18%
US Concarneau Stade Guy-Piriou 6.500
18%
FC Sète 34 Stade Louis-Michel 8.705
18%
FC Bastia-Borgo Complexe Sportif de Borgo 2.000
14%
US Avranches Stade René-Fenouillère 2.650
14%
SO Cholet Stade Omnisport de Cholet 2.635
9%
FC Chambly Oise Stade des Marais 1.000
5%
Aucun quiz correspondant
Distribution des résultats
% des personnes avec chaque résultat
Percentile par nombre de réponses
Votre historique - résultats
Vous n’avez pas pris ce quiz